000 00845 a2200217 4500
999 _c6915
_d6915
020 _a9780415287470
020 _a0415287472
050 0 0 _aGV1781 RET 2004
100 _aCarter, Alexandra
_eeditor
245 0 0 _aRethinking dance history :
_ba reader /
_cedited by Alexandra Carter.
264 _aLondon :
_bRoutledge,
_c2004.
300 _ax, 196 p. ;
500 _aIncludes index
504 _aIncludes bibliographical references
650 0 _aDance
_xHistory.
700 1 _aCarter, Alexandra.
_eeditor
856 4 1 _3Table of contents only
_uhttp://www.loc.gov/catdir/toc/ecip045/2003013057.html
856 4 2 _3Publisher description
_uhttp://www.loc.gov/catdir/enhancements/fy0650/2003013057-d.html
942 _2lcc
_cBK
_h1781
_iRET
_kGV